|
|
|
|
| LEADER |
00000nas a22000007a 4500 |
| 001 |
ssj0009389 |
| 003 |
WaSeSS |
| 005 |
20200512172242.0 |
| 006 |
m d |
| 007 |
cr n |
| 008 |
980121c19719999ne mr pss 0 a0eng c |
| 010 |
|
|
|a sn 98005938
|
| 016 |
7 |
|
|a 2006613-2
|2 DE-600
|
| 016 |
7 |
|
|a 012433644
|2 Uk
|
| 022 |
|
|
|a 1097-6825
|l 0091-6749
|y 0091-6749
|
| 035 |
|
|
|a (WaSeSS)ssj0009389
|
| 040 |
|
|
|a NSD
|b eng
|c NSD
|d OCL
|d NSD
|d OCLCQ
|d CUS
|d OCL
|d GUA
|d IUL
|d TEF
|d OCLCQ
|d TEF
|d DLC
|d NOC
|d OCLCQ
|d OCLCO
|d MYG
|d OCLCQ
|d OPELS
|d OCLCF
|d OCLCO
|d EUW
|d OCLCO
|d OCLCQ
|d OCLCO
|d OCLCQ
|d Z5A
|d OCLCO
|d OCLCA
|d BUF
|d U3W
|d EZC
|d OCLCO
|d FQM
|d OCLCO
|d AU@
|d OCLCO
|d WYU
|d OCLCO
|d UKMGB
|d OCLCO
|d DCHUA
|d CGU
|d TKN
|d VT2
|d LEAUB
|d WaSeSS
|
| 042 |
|
|
|a nsdp
|a pcc
|
| 050 |
|
4 |
|a RC583
|
| 082 |
1 |
0 |
|a 616
|2 13
|
| 130 |
0 |
|
|a Journal of allergy and clinical immunology (Online)
|
| 210 |
0 |
|
|a J. allergy clin. immunol.
|b (Online)
|
| 222 |
|
4 |
|a The journal of allergy and clinical immunology
|b (Online)
|
| 245 |
1 |
4 |
|a The journal of allergy and clinical immunology
|h [electronic resource].
|
| 260 |
|
|
|a St. Louis, MO :
|b Elsevier
|
| 310 |
|
|
|a Monthly
|
| 362 |
1 |
|
|a Print began with v. 48, no. 1 (July 1971).
|
| 506 |
|
|
|a License restrictions may limit access.
|
| 525 |
|
|
|a Has supplements.
|
| 550 |
|
|
|a Vols. for 1971-1981 issued as official organ of American Academy of Allergy; for 1982-Apr. 1995 the official publication of the American Academy of Allergy and Immunology; for May 1995-<May 1996> of the American Academy of Allergy, Asthma, and Immunology.
|
| 588 |
|
|
|a Description based on: Vol. 93, no. 1 (Jan. 1994); title from contents screen (publisher's Web site, viewed Dec. 4, 2000).
|
| 588 |
|
|
|a Latest issue consulted: Vol. 116, issue 2 (Aug. 2005), viewed Sept. 7, 2005.
|
| 650 |
|
0 |
|a Allergy
|v Periodicals.
|
| 650 |
|
7 |
|a Allergy.
|2 fast
|0 (OCoLC)fst00805549
|
| 650 |
|
2 |
|a Allergy and Immunology.
|
| 650 |
|
2 |
|a Hypersensitivity.
|
| 655 |
|
0 |
|a Electronic journals.
|
| 710 |
2 |
|
|a American Academy of Allergy.
|
| 710 |
2 |
|
|a American Academy of Allergy and Immunology.
|
| 710 |
2 |
|
|a American Academy of Allergy, Asthma, and Immunology.
|
| 776 |
0 |
8 |
|i Print version:
|t Journal of allergy and clinical immunology
|x 0091-6749
|w (DLC) 96660636
|w (OCoLC)1754426
|
| 776 |
0 |
8 |
|i CDRom version:
|t Journal of allergy and clinical immunology (CD-ROM)
|x 1085-8725
|w (DLC)sn 95004267
|w (OCoLC)33438203
|
| 780 |
0 |
0 |
|t Journal of allergy (Online)
|w (DLC) 2011236545
|w (OCoLC)61314051
|
| 856 |
4 |
0 |
|z Full text available from Research Library: 01/01/2002 to 2 months ago
|u https://search.proquest.com/publication/105664
|